<?xml version="1.0" encoding="UTF-8"?>
<record
    xmlns:xsi="http://www.w3.org/2001/XMLSchema-instance"
    xsi:schemaLocation="http://www.loc.gov/MARC21/slim http://www.loc.gov/standards/marcxml/schema/MARC21slim.xsd"
    xmlns="http://www.loc.gov/MARC21/slim">

  <leader>00634nam a22002417a 4500</leader>
  <controlfield tag="008">240821b        mp ||||| |||| 00| 0 mon d</controlfield>
  <datafield tag="040" ind1=" " ind2=" ">
    <subfield code="a">SE0153081</subfield>
    <subfield code="b">mon</subfield>
    <subfield code="c">MN-UlNLM</subfield>
    <subfield code="d">MN-UlNLM</subfield>
    <subfield code="e">rda</subfield>
  </datafield>
  <datafield tag="041" ind1=" " ind2=" ">
    <subfield code="a">mon</subfield>
  </datafield>
  <datafield tag="084" ind1=" " ind2=" ">
    <subfield code="2">NNA</subfield>
    <subfield code="a">84.4&#x410;&#x43D;&#x433;</subfield>
    <subfield code="b">&#x414;-393</subfield>
  </datafield>
  <datafield tag="100" ind1=" " ind2=" ">
    <subfield code="a">&#x414;&#x435;&#x444;&#x43E; &#x414;.</subfield>
  </datafield>
  <datafield tag="245" ind1=" " ind2="0">
    <subfield code="a">&#x420;&#x43E;&#x431;&#x438;&#x43D;&#x437;&#x43E;&#x43D; &#x41A;&#x440;&#x443;&#x437;&#x43E;</subfield>
  </datafield>
  <datafield tag="245" ind1=" " ind2="0">
    <subfield code="b">0</subfield>
  </datafield>
  <datafield tag="245" ind1=" " ind2="0">
    <subfield code="c">&#x41E;&#x440;&#x447;.&#x42D;.&#x41E;&#x44E;&#x443;&#x43D;</subfield>
  </datafield>
  <datafield tag="264" ind1=" " ind2=" ">
    <subfield code="a">&#x423;&#x411;</subfield>
    <subfield code="b">&#x423;&#x425;&#x413;</subfield>
    <subfield code="c">&#x433;&#x4AF;&#x439;</subfield>
  </datafield>
  <datafield tag="300" ind1=" " ind2=" ">
    <subfield code="a">204&#x445;</subfield>
  </datafield>
  <datafield tag="336" ind1=" " ind2=" ">
    <subfield code="2">rdacontent</subfield>
    <subfield code="a">text</subfield>
    <subfield code="b">txt</subfield>
  </datafield>
  <datafield tag="337" ind1=" " ind2=" ">
    <subfield code="2">rdamedia</subfield>
    <subfield code="a">unmediated</subfield>
    <subfield code="b">n</subfield>
  </datafield>
  <datafield tag="338" ind1=" " ind2=" ">
    <subfield code="2">rdacarrier</subfield>
    <subfield code="a">volume</subfield>
    <subfield code="b">nc</subfield>
  </datafield>
  <datafield tag="505" ind1=" " ind2=" ">
    <subfield code="t">&#x41E;&#x44E;&#x443;&#x43D;; </subfield>
  </datafield>
  <datafield tag="942" ind1=" " ind2=" ">
    <subfield code="2">NNA</subfield>
    <subfield code="c">BK</subfield>
  </datafield>
  <datafield tag="952" ind1=" " ind2=" ">
    <subfield code="0">0</subfield>
    <subfield code="1">0</subfield>
    <subfield code="4">0</subfield>
    <subfield code="6">844&#x410;&#x41D;&#x413;_&#x414;393</subfield>
    <subfield code="7">0</subfield>
    <subfield code="8">SE0152</subfield>
    <subfield code="a">SE0153081</subfield>
    <subfield code="b">SE0153081</subfield>
    <subfield code="c">SE0152</subfield>
    <subfield code="d">2024-11-12</subfield>
    <subfield code="g">250.00</subfield>
    <subfield code="l">0</subfield>
    <subfield code="o">84.4&#x410;&#x43D;&#x433;  &#x414;-393</subfield>
    <subfield code="p">SE0151006315</subfield>
    <subfield code="r">2024-11-12</subfield>
    <subfield code="t">1006315</subfield>
    <subfield code="y">BK</subfield>
  </datafield>
  <datafield tag="952" ind1=" " ind2=" ">
    <subfield code="0">0</subfield>
    <subfield code="1">0</subfield>
    <subfield code="4">0</subfield>
    <subfield code="6">844&#x410;&#x41D;&#x413;_&#x414;393</subfield>
    <subfield code="7">0</subfield>
    <subfield code="8">SE0152</subfield>
    <subfield code="a">SE0153081</subfield>
    <subfield code="b">SE0153081</subfield>
    <subfield code="c">SE0152</subfield>
    <subfield code="d">2024-11-12</subfield>
    <subfield code="g">250.00</subfield>
    <subfield code="l">0</subfield>
    <subfield code="o">84.4&#x410;&#x43D;&#x433;  &#x414;-393</subfield>
    <subfield code="p">SE0151006309</subfield>
    <subfield code="r">2024-11-12</subfield>
    <subfield code="t">1006309</subfield>
    <subfield code="y">BK</subfield>
  </datafield>
  <datafield tag="952" ind1=" " ind2=" ">
    <subfield code="0">0</subfield>
    <subfield code="1">0</subfield>
    <subfield code="4">0</subfield>
    <subfield code="6">844&#x410;&#x41D;&#x413;_&#x414;393</subfield>
    <subfield code="7">0</subfield>
    <subfield code="8">SE0152</subfield>
    <subfield code="a">SE0153081</subfield>
    <subfield code="b">SE0153081</subfield>
    <subfield code="c">SE0152</subfield>
    <subfield code="d">2024-11-12</subfield>
    <subfield code="g">250.00</subfield>
    <subfield code="l">0</subfield>
    <subfield code="o">84.4&#x410;&#x43D;&#x433;  &#x414;-393</subfield>
    <subfield code="p">SE0151006310</subfield>
    <subfield code="r">2024-11-12</subfield>
    <subfield code="t">1006310</subfield>
    <subfield code="y">BK</subfield>
  </datafield>
  <datafield tag="999" ind1=" " ind2=" ">
    <subfield code="c">1145845</subfield>
    <subfield code="d">1145902</subfield>
  </datafield>
</record>
